00776nam a2200241Ia 4500003000900000008004100009040001300050040001300063041000800076100001900084245002300103250001100126260001300137260000900150300001100159300001200170490001200182490000600194600010600200942000700306999001700313952020400330IT-RoPAU120407s9999 xx 000 0 und d aIT-RoPAU cIT-RoPAU aita aJacques Jomier aLa vita del Messia aTorino aMarietti c1968 a164 p. c24,5 cm aBiblica v1 a"Tit. orig.: La vie du Messie - Trad. R. Antonetto 1 - Gesù€ Cristo I - Antonetto Roberto 232" cBK c26721d26721 00102ddc406232_900000000000000_7571aPAULUSbPAULUSd2012-04-11l0o232.9.75r2012-04-11 00:00:00w2012-04-11yBKzInserito da: LUCIA In data: 02 settembre 2011 fondo: Via A.Severo 56 Progr:22502